Người lao động
Ngưng đặt mua 1/2019
Đã lưu trong:
| 主要作者: | |
|---|---|
| 格式: | 图书 |
| 语言: | Undetermined |
| 出版: |
Thành phố Hồ Chí Minh
|
| 主题: | |
| 在线阅读: | http://lrc.tdmu.edu.vn/opac/search/detail.asp?aID=2&ID=6813 |
| 标签: |
添加标签
没有标签, 成为第一个标记此记录!
|
| Thư viện lưu trữ: | Trung tâm Học liệu Trường Đại học Thủ Dầu Một |
|---|
| LEADER | 00653nam a2200169Ia 4500 | ||
|---|---|---|---|
| 001 | TDMU_6813 | ||
| 008 | 210410s9999 xx 000 0 und d | ||
| 082 | |a NULL | ||
| 100 | |a Liên đoàn Lao động Thành phố Hồ Chí Minh | ||
| 245 | 0 | |a Người lao động | |
| 245 | 0 | |c Liên đoàn Lao động Thành phố Hồ Chí Minh | |
| 260 | |a Thành phố Hồ Chí Minh | ||
| 300 | |a 16tr | ||
| 520 | |a Ngưng đặt mua 1/2019 | ||
| 650 | |a Báo Người lao động | ||
| 856 | |u http://lrc.tdmu.edu.vn/opac/search/detail.asp?aID=2&ID=6813 | ||
| 980 | |a Trung tâm Học liệu Trường Đại học Thủ Dầu Một | ||